000
00189 a2200097 4500
020
_a
9789684940529
041
_a
eng
100
_a
Cross Elsa
245
_a
El himno de las ranas
942
_c
BK
999
_c
11383
_d
11383